书目信息 |
| 题名: |
财务报表分析精要
|
|
| 作者: | 钱爱民 , 张新民 编著 | |
| 分册: | ||
| 出版信息: | 北京 科学出版社 2007.06 |
|
| 页数: | 353页 | |
| 开本: | 24cm | |
| 丛书名: | 精品课堂立体化教材系列 | |
| 单 册: | ||
| 中图分类: | F231.5 | |
| 科图分类: | ||
| 主题词: | 会计 | |
| 电子资源: | ||
| ISBN: | 7-03-017549-6 | |
| 000 | 00695 nam 000241 | |
| 001 | 0100001792 | |
| 005 | 20070903093342.25 | |
| 010 | @a7-03-017549-6@dCNY28.00 | |
| 100 | @a20070805d2007 em y0chiy0121 ea | |
| 101 | @achi | |
| 102 | @aCN@b110000 | |
| 105 | @ay z 000yy | |
| 200 | 10 | @a财务报表分析精要@9cai wu bao biao fen xi jing yao@f张新民,钱爱民编著@Fzhang xin min , qian ai min bian zhu |
| 210 | @a北京@c科学出版社@d2007.06 | |
| 215 | @a353页@d24cm | |
| 225 | @a精品课堂立体化教材系列 | |
| 606 | @a会计 | |
| 690 | @aF231.5@v4 | |
| 701 | 1 | @a钱爱民@9qian ai min@4编著 |
| 701 | 0 | @a张新民@9zhang xin min@4编著 |
| 801 | @aCN@c20070903 | |
| 901 | @a000003 | |
| 905 | @dF231.5@eZ214 | |
| 财务报表分析精要/张新民,钱爱民编著.-北京:科学出版社,2007.06 |
| 353页;24cm.-(精品课堂立体化教材系列) |
| ISBN 7-03-017549-6:CNY28.00 |
| ● |
| 相关链接 |
|
|
|
正题名:财务报表分析精要
索取号:F231.5/Z214
 
预约/预借
| 序号 | 登录号 | 条形码 | 馆藏地/架位号 | 状态 | 备注 |
| 1 | 643772 | 206437729 | 社科二线422/422社科库 12排2列2层/ [索取号:F231.5/Z214] | 在馆 | |
| 2 | 643773 | 206437738 | 社科库409/409社科库 76排1列3层/ [索取号:F231.5/Z214] | 在馆 | |
| 3 | 643774 | 206437747 | 社科二线422/422社科库 25排4列1层/ [索取号:F231.5/Z214] | 在馆 |